Normal view
MARC view
Entry Topical Term
001 - CONTROL NUMBER
- control field: 58003
003 - CONTROL NUMBER IDENTIFIER
- control field: OSt
005 - DATE AND TIME OF LATEST TRANSACTION
- control field: 20251126150210.0
008 - FIXED-LENGTH DATA ELEMENTS
- fixed length control field: 251126|| aca||aabn | a|a d
040 ## - CATALOGING SOURCE
- Original cataloging agency: OSt
- Transcribing agency: OSt
150 ## - HEADING--TOPICAL TERM
- Topical term or geographic name entry element: • Generative AI, Innovation policy, Entrepreneurship, AI governance, Comparative analysis.
670 ## - SOURCE DATA FOUND
- Source citation: Work cat.: (OSt): Upadhyay, Shekhar Singharia, Deepanshi and Kaushal, Nandita 58002, An analysis of entrepreneurial innovation in India, China and the united states: Special reference to generative AI
